01117nam a2200193Ia 4500001001000000003001000010008004100020040002500061041001300086100001800099245005200117250001100169260006000180300001200240500026400252501011400516520026400630650002900894L232-6352IT-CnALBA170116s9999||||xx |||||||||||||| ||und|| aIT-CnALBAcIT-CnALBA aITALIANO aFILLION L. C. 0aVITA DI NOSTRO SIGNORE GESÙ CRISTO. VOL. II.  a3a ed. a TORINO - ROMAbMARIETTI EDITORE c1943 [1° Ed.: n.d.] a592 p.  aDONO DI D. CHIAVARINO SSP. VITA PUBBLICA DI GESÙ. IN GIUDEA E IN SAMARIA. PREDICAZIONE IN GALILEA. CONFLITTO CON I FARISEI. SECONDA PASQUA DI GESÙ A GERUSALEMME. ELEZIONE DEGLI APOSTOLI. ANCORA PREDICAZIONE IN GALILEA. PARABOLE DEL REGNO. MOLTIPLICAZIONE  aSocietà San Paolo EM - Piazza San Paolo, 14 - 12051 ALBA (CN) (non commercial uses only) ® Copyright 2017 aDONO DI D. CHIAVARINO SSP. VITA PUBBLICA DI GESÙ. IN GIUDEA E IN SAMARIA. PREDICAZIONE IN GALILEA. CONFLITTO CON I FARISEI. SECONDA PASQUA DI GESÙ A GERUSALEMME. ELEZIONE DEGLI APOSTOLI. ANCORA PREDICAZIONE IN GALILEA. PARABOLE DEL REGNO. MOLTIPLICAZIONE  aVITA E MISTERO DI CRISTO